000
00326nam a22001457a 4500
008
210315b ||||| |||| 00| 0 eng d
020
_a
9780805385359
041
_a
eng
080
_2
4th
_a
579
082
_a
579
100
_a
11
101
_a
MIK
245
_a
Microbiology an Introduction
_c
Tortora,G. J
942
_2
udc
_c
BK
999
_c
56618
_d
56618